History Quiz

Random History or Famous Quiz

After They Were...DEAD! Quiz Stats

 Plays Quiz Updated Dec 14, 2018

Also try: The King Is Dead!
Challenge
Share
Tweet
Embed
Score 0/22 Timer 05:00
2 Plays Today
Post-mortem activity Pre-mortem identity % Correct
Won Academy Award for portrayal of comic book villainHeath Ledger
84.7%
Won critical acclaim for her diary detailing her family's attempts to avoid Nazi capture in AmsterdamAnne Frank
80.6%
Appeared on U.S. half dollar only three months after his assassinationJohn F. Kennedy
76.7%
Became Moscow's most visited citizenVladimir Lenin
61.9%
Garnered $200 million music recording dealMichael Jackson
60%
Inducted into Rock and Roll, Country Music, Gospel Music and Rockabilly halls of fameElvis Presley
59.3%
Deified by Roman Senate in 42 B.C.Julius Caesar
59.2%
Donated 31,225,000 kronor to establish prizes for Physics, Chemistry, Medicine, Literature and PeaceAlfred Nobel
56.1%
Reached #1 on the Billboard charts with '(Sittin' on) The Dock of the Bay'Otis Redding
50.7%
Finished (via CGI) filming his role in The CrowBrandon Lee
43%
Hidden by the Argentine government - name declared tabooEva Peron
36.9%
Post-mortem activity Pre-mortem identity % Correct
Delivered to Salome on a platterJohn the Baptist
31.8%
Awarded Medal of Honor for valor in the Spanish American WarTheodore Roosevelt
29.7%
Had his remains exhumed in Iceland thereby check-mating paternity claimsBobby Fischer
18.2%
Elected to baseball Hall of Fame and awarded Congressional Gold MedalRoberto Clemente
17.4%
Inducted into Big Band Hall of Fame; Received Grammy Lifetime Achievement AwardGlenn Miller
16.6%
Had his 'Dialogue' removed from the Vatican list of banned booksGalileo Galilei
14.9%
Moved from Santo Domingo to Havana to Seville (or did he?)Christopher Columbus
9.6%
Awarded Mark Twain Prize for American HumorGeorge Carlin
8.4%
Had three electoral votes disallowed by CongressHorace Greeley
1.7%
Awarded Nobel Peace PrizeDag Hammarskjöld
1%
Won Grammy Award for Spoken Word: Children's Audrey Hepburn
0.9%

You're not logged in!

Compare scores with friends on all Sporcle quizzes.
OR
Log In

You Might Also Like...

Show Comments

Extras

Top Quizzes Today


Score Distribution

Your Account Isn't Verified!

In order to create a playlist on Sporcle, you need to verify the email address you used during registration. Go to your Sporcle Settings to finish the process.

Report this User

Report this user for behavior that violates our Community Guidelines.

Details: